| 000 | 01811nas a2200445 c 4500 | ||
|---|---|---|---|
| 001 | 25867 | ||
| 003 | ES-MaCES | ||
| 005 | 20250327142253.0 | ||
| 008 | 001020d2000 sp qr p g | |spa d | ||
| 017 |
_aB 14661-1988 _bDL |
||
| 022 | 1 | _a1138-9672 | |
| 035 | _aCES20000000785p | ||
| 040 |
_aES-MaCES _bspa _cES-MaCES |
||
| 041 | 0 |
_aspa _acat _aeng |
|
| 245 | 0 | 0 |
_aArchivos de prevención de riesgos laborales _cSocietat Catalana de Seguretat i Medicina en el Treball (SCSMT), Sociedade Galega de Prevención de Riscos Laborais (SGPRL) |
| 260 |
_aMadrid _aBarcelona _bDOYMA _cD.L. 1988- |
||
| 300 |
_av. _c28 cm |
||
| 310 | _aTrimestral | ||
| 500 | _aCerrada la suscripción de la ed. impresa, continua ed. electrónica | ||
| 500 | _aDescripción basada en: v. 3, n. 1 (en.-marzo 2000) | ||
| 500 | _aEs continuación de: Medicina de empresa, ISSN 0378-6668 | ||
| 500 | _aTextos en catalán y español | ||
| 500 | _aResúmen en español e inglés | ||
| 541 | _cCompra | ||
| 592 | _aViva | ||
| 650 | 4 |
_aaccidente de trabajo _928345 |
|
| 650 | 4 |
_ariesgo _929564 |
|
| 650 | 4 |
_aprevención _929707 |
|
| 650 | 4 |
_aseguridad en el trabajo _928348 |
|
| 653 | 1 | 0 | _aSalud |
| 710 | 2 |
_aSociedade Galega de Prevención de Riscos Laborais _94989 |
|
| 710 | 2 |
_aSocietat Catalana de Seguretat i Medicina en el Treball _95009 |
|
| 853 | 2 | 1 |
_avol. _bn. _iaño _jmes _vr _wq |
| 856 |
_uhttps://archivosdeprevencion.eu/index.php/aprl/numeros2019 _ytexto completo desde vol. 1, n. 1 (1998) hasta vol. 22, n. 4 (2019) |
||
| 856 |
_uhttps://archivosdeprevencion.eu/index.php/aprl/issue/archive _ytexto completo desde vol. 23, n. 1 (2020) |
||
| 866 | 0 |
_a(2000) 2001-2002. _zUbicación: DEPÓSITO - 55/897 |
|
| 905 |
_1Boletín B _p+ |
||
| 942 |
_2CES _cCR _h3.1. |
||
| 999 |
_c25867 _d25867 |
||